Представление документа в формате RUSMARC

ПолеНазваниеЗначение
  Тип записи a
  Библиографический уровень a
001 Контрольный номер RU/CBS_Ul/BASE/446563667
005 Дата корректировки 20240209175136.1
100 Данные общей обработки __
a Данные общей обработки 20140224d2014 ||| 0rusy0189 ca
101 Язык документа 0_
a Язык текста rus
102 Страна публикации __
a Страна публикации RU
105 Кодированные данные (монография) __
a Кодированные данные (монография) y###||||000|y
200 Заглавие и сведения об ответственности 1_
a Заглавие Смертельные объятия Далласа
b Общее обозначение материала Текст
e Сведения, относящиеся к заглавию [тайна гибели Джона Кеннеди]
f Первые сведения об ответственности П. Дымов
300 Общие примечания __
a Общие примечания Ограничения по возрасту - 12+
461 Уровень набора _0
1 2000
a Вокруг света
463 Уровень физической единицы _0
1 001RU/CBS_Ul/BASE/442715199
1 2000
a № 12
v С. 184-190 : фото
1 210
d 2013
606 Тематические рубрики 0_
a Основная рубрика Кеннеди, Джон Фицджералд (1917-1963)
610 Ключевые слова 0_
a Ключевые слова президенты
a Ключевые слова американские президенты
a Ключевые слова американские политические деятели
a Ключевые слова убийство Джона Кеннеди
a Ключевые слова династия Кеннеди
686 Индексы других классификаций __
a Классификационный индекс 63.3(7Сое)
2 Код системы ББК
700 Автор _1
a Фамилия Дымов
b Имя (инициалы) П.
801 Источник записи _0
a Страна RU
b Организация МБУК ЦБС г. Ульяновска
c Дата составления 20140224
g Правила каталогизации RCR
801 Источник записи _1
a Страна RU
b Организация МБУК ЦБС г. Ульяновска
c Дата составления 20140224
g Правила каталогизации RCR
901 Тип документа __
t Тип документа b
w Контрольный № источника RU/CBS_Ul/BASE/442715199
910 Корректоры записи __
a Корректор записи Библиотека 6
938 Служебная информация __
a Имя БД period